00432pab a2200145 454500008004000000100002100040245007700061260000900138300001500147362001100162650002700173650003000200650002200230773003400252180718b1997 xxu||||| |||| 00| 0 eng d aSamal, Kishor C. aEmerging equity market in India: role of foreign institutional investors c1997 ap.2729-732 a18 Oct aCapital market - India aFinancial markets - India aFinancial markets aEconomic and Political Weekly